Culture Générale - Série 1358 - Statistiques

Statistiques générales
  • Ce quiz a été pris 80 fois
  • Le résultat moyen est 3 sur 10
Statistiques - réponses
Question Réponse % Correct
Quel produit brun et aromatique obtient-on en chauffant du sucre et en le faisant fondre ? caramel
95%
Quel ancien joueur, surnommé "le Président", a été sélectionneur de l'équipe de France de football de juillet 2010 à juin 2012 ? Laurent Blanc
57%
Quel est le nom du diable de Tasmanie boulimique qui partage les aventures de Bugs Bunny ? Taz
52%
Quelle ville a accueilli les XXIIe Jeux olympiques d'hiver en 2014 ? Sotchi
39%
A quel humoriste français doit-on les sketchs : "Lettre à ma mère" et "Le Dentiste" ? Roland Magdane
23%
À quel metteur en scène, prénommé Max, doit-on le film “Lola Montes” ? Max Ophuls
20%
Dans quel lac sont situées les îles Borromées ? lac Majeur
19%
Quelle émission radiophonique Jacques Chancel a-t-il animée pendant une vingtaine d'années, à partir de 1968 ? Radioscopie
8%
Quel serpent monstrueux de la mythologie grecque a été tué par Apollon, à Delphes ? Python
7%
Dans quel Émirat arabe peut-on voir la tour la plus penchée du monde ? Abou Dhabi
5%
Aucun quiz correspondant
Distribution des résultats
% des personnes avec chaque résultat
Percentile par nombre de réponses
Votre historique - résultats
Vous n’avez pas pris ce quiz